000 00353nam a2200145Ia 4500
008 191201s2009 xx 000 0 und d
082 _a510
_bAGD
100 _aAGARWAL,Udit
245 0 _aDiscrete Mathematical Structures
250 _a1st
260 _aN. delhi
_bDhanpat Rai Pubns (P) Ltd
_c2009
300 _a424
650 _aApplied
942 _2ddc
_cBK
999 _c508
_d508